| 000 | 00930nas a2200301 4500 | ||
|---|---|---|---|
| 001 | BR9903674 | ||
| 003 | BR-BrBNA | ||
| 005 | 20231205101509.0 | ||
| 007 | ta | ||
| 008 | 230509b bl.|||p| |||| 00| 00por d | ||
| 040 |
_aBR-BrBNA _bpor _cBiblioteca Nacional de Agricultura |
||
| 041 | _a(Pt) | ||
| 072 | _aP10 | ||
| 100 | 1 | _aCunha, H.B. da | |
| 100 | 1 | _aOliveira, J.A.D. de | |
| 100 | 1 | _aVictoria, R.L. | |
| 245 | 1 | _aBalanco dos nutrientes Ca+2, Mg+2, Na+, K e NO3 - em uma bacia de primeira ordem com vegetacao natural na Amazonia Central | |
| 650 | _aBacia Hidrografica | ||
| 650 | _aNutriente | ||
| 650 | _aChuva | ||
| 650 | _aEcossistema | ||
| 650 | _aDisponibilidade de Nutriente | ||
| 650 | _aPrecipitacao Pluvial | ||
| 650 | _aAmazonia | ||
| 773 | 0 |
_tActa Amazonica (Brazil) _xISSN 0044-5967 _g(Mar 1999), v. 29(1) p. 33-41 _wBR9903674 |
|
| 909 |
_a202311 _bLúcia _c55 _dLúcia Elande |
||
| 942 |
_2AGRIS _n0 _cANA |
||
| 999 |
_c162197 _d162197 |
||